Hidenn epidemics fo tuberculosis /

Zapisane w:
Opis bibliograficzny
1. autor: Farmer, Paul
Format: Texto
Hasła przedmiotowe:
Etykiety: Dodaj etykietę
Nie ma etykietki, Dołącz pierwszą etykiete!

MARC

LEADER 00000 a a2200000 04500
001 18905
003
040
100 |a Farmer, Paul  
245 |a Hidenn epidemics fo tuberculosis /  |c Paul Farmer 
650 |a ENFERMEDADES  
650 |a SALUD PUBLICA  
650 |a EPIDEMIAS  
650 |a MEDICINA  
650 |a PACIENTES  
773 |g número 239; páginas 31-55  
999 |c 34645  |d 34645